000 00339nam a2200133Ia 4500
005 20260328101444.0
008 260328s9999||||xx |||||||||||||| ||und||
100 _aBrandi, Cesare
245 0 _aTeoría de la Restauración /
_cCesare Brandi
260 _bAlianza
300 _a149 p.
650 _aCONSERVACIÓN Y RESTAURACIÓN
942 _cBK
999 _c8379
_d8379